Gone tomorrow /

Enregistré dans:
Détails bibliographiques
Auteur principal: Indiana, Gary (Auteur)
Format: Livre
Langue:anglais
Publié: London ; New York : High risk book's/Serpent's Tail, 1995
Tags: Ajouter un tag
Pas de tags, Soyez le premier à ajouter un tag!

MARC

LEADER 00000nam a22000007i 4500
001 IT\ICCU\UBO\2257083
003 ItRI
005 20260115231836.0
008 030725s1995 xxu|||||| ||||| |||||c
020 |a 1852423366 
040 |b ita  |c importazione bologna sebina 
041 7 |a eng  |2 ISO-639-2 
100 1 |a Indiana, Gary  |0 IT\ICCU\CFIV\163717  |4 aut 
245 1 0 |a Gone tomorrow /  |c by Gary Indiana. 
260 |a London ;  |a New York :  |b High risk book's/Serpent's Tail,  |c 1995 
300 |a 244 p. ;  |c 21 cm. 
942 |2 ddc  |c BK  |n 0 
952 |0 0  |1 0  |4 0  |6 DOC_813_540000000000000_IND  |7 0  |9 14004  |a BO  |b BO  |d 2026-01-15  |i 7513  |l 0  |o DOC 813.54 IND  |p BO7513  |r 2026-01-15 23:18:36  |w 2026-01-15  |x [Sebina 5] [1 v.]  |y BK  |z 1 v. 
999 |c 12063  |d 12063